00706nam a2200181Ia 4500008004100000082001400041100004400055245015700099260003700256300001400293520001100307650002100318650002700339700002400366942001300390999001900403952010200422230925s9999||||xx |||||||||||||| ||und|| a696.6 IQB aIqbal, Muhammad Haroon (330579)9118228 0aNumerical Analysis of a Solar Air Heater having Rectangular Sectioned V-Ribs as Artificial Roughness Integrated with Impingement Cooling Configuration / bUSPCAS-E, NUST,Islamabad :c2023 axi, 52 p. aTH-463 vMS Thesis918721 vMS TEE Thesis 9116575 aDr Majid Ali929033 cTHE2ddc c603210d603210 00102ddc4070aCAS-EbCAS-Ed2023-08-18o696.6 IQBpCAS-ETH0000463r2023-09-25w2023-09-25yTHE